01020nam a2200205 a 450000100100000000500170001000800410002704000250006808200160009311000720010924502020018126000370038330000330042049000350045370000330048883000420052195201140056395201200067799900170079700002946420200930055553.0110415s1995 dr d 000 0 spa d aDO-SdBNPbspacBNPHU axxxbC3978i2 aCentro Nacional de Investigaciones en Salud Materno Infantil95575710aInvestigación de tuberculosis en un centro de tamizaje para el VIH :bUna propuesta para reducir la diseminación de la Tuberculosis en países en vías de desarrollo /ceditor Marcos Espinal. aSanto Domingo :bCENISMI,c1995. a19 p. :bdiagramas ;c28 cm.1 aPublicaciones Técnicasvv. 41 aEspinal, Marcos,eed.955763 0aPublicaciones Técnicasvv. 4956334 0010718PDaPDbPDcHDd2011-04-15iLF1l0oxxx C3978ip29464-10r2020-06-25w2020-06-25yLFPDZNo se presta 0010718PDaPDbPDcHDd2011-04-19iLF1l0oxxx C3978ip29464-20r2020-06-25te. 2w2020-06-25yLFPDZNo se presta c28956d28956